| Tag |
First Indicator |
Second Indicator |
Subfields |
| LEADER |
00000cam a2200000 4500 |
| 001 |
in00000096189 |
| 005 |
20150925085901.0 |
| 008 |
731001s1966 enkaf b 00010 eng |
| 010 |
|
|
|a 67093021
|
| 015 |
|
|
|a B67-335
|
| 035 |
|
|
|a (OCoLC)00956845
|
| 035 |
|
|
|9 AAL2146AM
|
| 037 |
|
|
|c -/5/-
|
| 040 |
|
|
|a DLC
|c DLC
|d TXA
|d UtOrBLW
|
| 049 |
|
|
|a TXAM
|c [1201454]
|
| 050 |
0 |
0 |
|a TL507
|b .G77 no. 856
|
| 082 |
0 |
|
|a 629.132/3
|
| 100 |
1 |
|
|a Beecham, L. J.
|
| 245 |
1 |
2 |
|a A technique for the wind tunnel simulation of store release at high speeds /
|c by L. J. Beecham.
|
| 264 |
|
1 |
|a London :
|b H.M.S.O.,
|c 1966.
|
| 300 |
|
|
|a 17 pages :
|b 5 plates (diagrams) ;
|c 30 cm.
|
| 336 |
|
|
|a text
|b txt
|2 rdacontent
|
| 337 |
|
|
|a unmediated
|b n
|2 rdamedia
|
| 338 |
|
|
|a volume
|b nc
|2 rdacarrier
|
| 490 |
1 |
|
|a Great Britain. Aeronautical Research Council. Current papers ;
|v no. 856
|
| 504 |
|
|
|a Bibliography: page 17.
|
| 650 |
|
0 |
|a Airdrop.
|
| 650 |
|
0 |
|a Supersonic wind tunnels.
|
| 830 |
|
0 |
|a Current papers (Aeronautical Research Council (Great Britain)) ;
|v no. 856.
|
| 999 |
|
|
|a MARS
|
| 999 |
f |
f |
|s e780fda9-4cba-3e3e-a939-a0286228b677
|i 547964b4-c6e4-38f6-9af4-1f8a3e1db8c6
|t 0
|
| 952 |
f |
f |
|p ric
|a Texas A&M University
|b Rellis Campus
|c Joint Library Facility
|d Remote Storage
|t 0
|e TL507 .G77 no. 856
|h Library of Congress classification
|i unmediated -- volume
|m A14805531859
|
| 998 |
f |
f |
|a TL507 .G77 no. 856
|t 0
|l Remote Storage
|